000 00796nam a2200241Ia 4500
001 5577
008 150302s1988 ii a g b000 u 465 u
020 _a0-07-045504-X
082 _a541.3
100 _aParker, Sybil P. .
245 0 _aPhysical Chemistry Source Book /
_cSybil P. Parker.
_hTextual Documents
250 _a1st ed. /
260 _aNew York :
_bMcGraw - Hill Book Company ,
_c1988.
300 _a406p. :
_bill. ;
_c24cm .
440 _aMcGraw - Hill Science Reference Series,
490 _aMcGraw - Hill Science Reference Series,
504 _aIndex
653 _aChemistry-Dictionaries
653 _aPhysical Chemistry-Dictionaries
653 _aPG-Chemistry
856 _uAcc no 85769, Physical Chemistry Source Book Shifted From PG Sec to General Sec
942 _2ddc
_cBK
999 _c5564
_d5564